000 00745nam a2200145Ia 4500
008 151213s9999 xx 000 0 und d
100 _aমানস চেীধুরী ও সায়দিয়া গুলরুখ।
245 _aএইডস ও যেীনতা নিয়ে ডিসকোর্স: রোগীর প্রান্তিকতা।
_cমানস চেীধুরী ও সায়দিয়া গুলরুখ।
260 _aঢাকা
_bরুপান্তও প্রকাশনী।
_c2000
300 _a8747 p.
650 _aBangla
650 _aচিকৎসা
700 _aমানস চেীধুরী ও সায়দিয়া গুলরুখ।
999 _c4532
_d4532